Central Library OPAC University of Rajshahi

الجواب الكافي لمن سأل عن الدواء التاني ;; aljawab alkafi liman sa'al ean aldawa' altaani / (Record no. 78301)

MARC details
000 -LEADER
fixed length control field 00944aaa a2200217 a 4500
001 - CONTROL NUMBER
control field 78301
003 - CONTROL NUMBER IDENTIFIER
rucl marc code BD-RjUL
005 - DATE AND TIME OF LATEST TRANSACTION
control field 20221205105447.0
008 - FIXED-LENGTH DATA ELEMENTS--GENERAL INFORMATION
fixed length control field 210906s19281346 ||||| |||| 001 0 ara d
035 ## - SYSTEM CONTROL NUMBER
System control number (BD-RjUL)78527
040 ## - CATALOGING SOURCE
Original cataloging agency BD-RjUL
Language of cataloging eng
Transcribing agency BD-RjUL
041 ## - LANGUAGE CODE
Language code of text/sound track or separate title ara
082 ## - DEWEY DECIMAL CLASSIFICATION NUMBER
Edition number 23
Classification number 297.01
Author mark and year IBN 1928
100 ## - MAIN ENTRY--PERSONAL NAME
Personal name ابن قيم, شمس الدين ابي عبدالله محمد بن ابي بكر ;; Ibn Qayyim, Shams al-Din Abi Abdullah Muhammad bin Abi Bakr
9 (RLIN) 247422
245 ## - TITLE STATEMENT
Title الجواب الكافي لمن سأل عن الدواء التاني ;; aljawab alkafi liman sa'al ean aldawa' altaani /
Statement of responsibility, etc. شمس الدين ابي عبدالله محمد بن ابي بكر بن قيم ;; Shams Al-Din Abi Abdullah Muhammad bin Abi Bakr bin Qayyim
250 ## - EDITION STATEMENT
Edition statement 3rd.ed.
260 ## - PUBLICATION, DISTRIBUTION, ETC. (IMPRINT)
Place of publication, distribution, etc. Al ajhar :
Name of publisher, distributor, etc. Maktubat wa Matbuaat muhammad ali sabih,
Date of publication, distribution, etc. 1958
300 ## - PHYSICAL DESCRIPTION
Pagination 334 p. ;
Size 24 cm
650 ## - SUBJECT ADDED ENTRY--TOPICAL TERM
Topical term or geographic name as entry element Islam
9 (RLIN) 247423
942 ## - ADDED ENTRY ELEMENTS (KOHA)
Source of classification or shelving scheme Dewey Decimal Classification
Koha item type Books
Holdings
Lost status Source of classification or shelving scheme Damaged status Not for loan Collection code Permanent Location Current Location Shelving location Date acquired Source of acquisition Cost, normal purchase price Total Checkouts Full call number Date last seen Copy number Koha item type
  Dewey Decimal Classification   Not For Loan Non-fiction Central Library, University of Rajshahi Central Library, University of Rajshahi Reading Room 04/05/1969 Maktab al arabiah , Dhaka 5.00   A 297.01 IBN 1958 06/09/2021 C-1 Books
  Dewey Decimal Classification     Non-fiction Central Library, University of Rajshahi Central Library, University of Rajshahi General Stacks 13/10/1973 Quan manjil, Rajshahi 14.00   297.01 IBN 1928 05/12/2022 C-2 Books